| 000 | 00803nam a22002297a 4500 | ||
|---|---|---|---|
| 999 |
_c16408 _d16408 |
||
| 003 | AR-CdUCM | ||
| 008 | 190503b ||||| |||| 00| 0 spa d | ||
| 040 |
_aMUNICIPALIDAD PROVINCIAL DEL CUSCO _cBIBLIOTECA MUNICIPAL DEL CUSCO |
||
| 041 | _heng | ||
| 082 |
_a980 / _bA22 |
||
| 100 |
_aAdams, Mildred _935836 |
||
| 245 |
_aAmérica latina : _b¿Evolución o explosión? / |
||
| 260 |
_aMéxico : _bMexicanos unidos, _c1964. |
||
| 300 |
_a429 páginas ; _c20 cm. |
||
| 505 | _aContenido : El escenario esta preparado -- La escencia del problema -- La américa latina en el hemisferio occidental ... | ||
| 650 |
_aAmérica latina _94491 |
||
| 650 |
_aSociología _9276 |
||
| 650 |
_aComercio _9322 |
||
| 700 |
_aGalofre, Sara (traducción) _935837 |
||
| 942 |
_2ddc _cLIBROS |
||
| 945 |
_arah _d03/05/2019 |
||